Zákon z 23. septembra 2004 o miestnych daniach a miestnom poplatku za komunálne odpady a drobné stavebné odpady

Zákon o miestnych daniach + Dôvodová správa k tomuto zákonu. V prílohe - Zoznam preberaných právnych aktov Európskych spoločenstiev a Európskej únie.

Gespeichert in:
Bibliographische Detailangaben
Format: Buchkapitel
Sprache:Slowakisch
Schlagworte:
Tags: Tag hinzufügen
Keine Tags, Fügen Sie das erste Tag hinzu!

MARC

LEADER 00000naa$a2200000$$$4500
001 0021511
005 20231106070424.5
041 0 |a slo 
044 |a SK 
245 1 0 |a Zákon z 23. septembra 2004 o miestnych daniach a miestnom poplatku za komunálne odpady a drobné stavebné odpady 
520 |a Zákon o miestnych daniach + Dôvodová správa k tomuto zákonu. V prílohe - Zoznam preberaných právnych aktov Európskych spoločenstiev a Európskej únie. 
610 2 0 |a dane miestne 
610 2 0 |a poplatky miestne 
610 2 0 |a odpad 
610 2 0 |a odpad komunálny 
610 2 0 |a zákony 
610 2 0 |a Slovensko 
610 2 0 |a 2004 
610 2 0 |a správy dôvodové